Los Andaluins y los siete portales /
Lucía, Tomás y Santiago viven con sus padres en una hermosa casa de El Pinar. Integran una familia aparentemente normal. Son años difíciles y deciden vender la casa y mudarse a la casa de los abuelos, que son tiernos, dulces y aparentemente normales...Comienzan a vivir en una casona típica de El Pra...
Guardado en:
| Autor Principal: | |
|---|---|
| Formato: | Libro |
| Idioma: | Undetermined |
| Publicado: |
Buenos Aires :
Longseller,
2003.
|
| Edición: | 1a ed. |
| Series: | Juveniles
|
| Materias: | |
| Etiquetas: |
Agregar Etiqueta
Sin Etiquetas, Sea el primero en etiquetar este registro!
|
| LEADER | 01297nam a22002175a 4500 | ||
|---|---|---|---|
| 001 | CEM.cems021124 | ||
| 008 | 240429s2003####ag############000#0#und#d | ||
| 005 | 20240429181144.0 | ||
| 245 | 1 | 0 | |a Los Andaluins y los siete portales / |c Gabriel Aznarez. |
| 250 | |a 1a ed. | ||
| 260 | |a Buenos Aires : |b Longseller, |c 2003. | ||
| 300 | |a 272 p. | ||
| 490 | 1 | |a Juveniles | |
| 520 | |a Lucía, Tomás y Santiago viven con sus padres en una hermosa casa de El Pinar. Integran una familia aparentemente normal. Son años difíciles y deciden vender la casa y mudarse a la casa de los abuelos, que son tiernos, dulces y aparentemente normales...Comienzan a vivir en una casona típica de El Prado, grande y totalmente fuera de lo normal. Con sorpresa comprenden que el universo no es como ellos creían, que su familia y ellos mismos no sólo no son normales sino que, por el contrario, forman parte de un plan maestro para mantener el equilibrio entre el bien y el mal. Una historia de magia, aventuras y misterio, que atrapa desde las primeras páginas. | ||
| 020 | |a 9875503789 | ||
| 100 | 1 | |a Aznarez, Gabriel. | |
| 653 | |a Literatura uruguaya | ||
| 653 | |a Novela juvenil | ||
| 653 | |a Literatura juvenil | ||
| 653 | |a Literatura fantástica | ||
| 859 | |a CEMS |b BIB. CEMS - Inicial y Primaria |h U863.4 |i Az52 |k IP |p 4445 |t Ej.1 | ||
